000 00260nam a2200121Ia 4500
100 _a#N/A
650 _aComputer/ IT
942 _cBK
654 _aarchives
245 _aArchive - 21issues of fast Track - 23 issues Slax
260 _b#N/A
546 _aENGLISH
999 _c22776
_d22776